Вып. 26; Семиотика и информатика

Podrobná bibliografie
Parent link:Семиотика и информатика: сборник научных статей/ Академия наук СССР (АН СССР), Всесоюзный институт научной и технической информации (ВИНИТИ). Вып. 26.— , 1971-1986
Jazyk:ruština
Vydáno: 1985
Témata:
Médium: MixedMaterials Kniha
KOHA link:https://koha.lib.tpu.ru/cgi-bin/koha/opac-detail.pl?biblionumber=277415

MARC

LEADER 00000nam2a2200000 4500
001 277415
005 20231101235020.0
035 |a (RuTPU)RU\TPU\book\300688 
090 |a 277415 
100 |a 20141202d1985 k y0rusy5003 ca 
101 0 |a rus 
102 |a RU 
105 |a a z 001zy 
200 0 |a Вып. 26 
210 |d 1985 
215 |d 20 см  |a 155 с.  |c ил. 
320 |a Библиография в конце статей 
461 1 |0 (RuTPU)RU\TPU\book\244465  |t Семиотика и информатика  |o сборник научных статей  |f Академия наук СССР (АН СССР), Всесоюзный институт научной и технической информации (ВИНИТИ)  |v Вып. 26  |d 1971-1986 
606 1 |a Семиотика  |x Языкознание  |2 stltpush  |3 (RuTPU)RU\TPU\subj\54576  |9 72712 
606 1 |a Информатика  |2 stltpush  |3 (RuTPU)RU\TPU\subj\12879 
610 1 |a автоматизированное проектирование 
610 1 |a интерактивная машинная графика 
610 1 |a деловая проза 
610 1 |a лингвистические особенности 
610 1 |a графы 
610 1 |a выводы 
610 1 |a грамматики 
686 |a Ш100.1  |v LBC/SL-A  |2 rubbk 
686 |a Ч23  |v LBC/SL-A  |2 rubbk 
801 0 |a RU  |b RuMRKP  |c 19950704  |g psbo 
801 1 |a RU  |b 63413507  |c 20141202 
801 2 |a RU  |b 63413507  |c 20170405  |g RCR 
942 |c BK